00684nam a2200241Ia 4500003000400000005001700004008004100021020001400062040000700076041000800083082001900091100003000110245002200140250000600162260002000168300001700188365001300205650003300218906002400251942001200275999001900287952013600306OSt20230428114509.0210423s1980 xx 000 0 und d a415280060 cAL aeng a809223b BELC aBELSEY (Catherine)994720 aCritical practice a2 bRoutledgec1980 axiii,161bPB b275cINR aHistory of Literature994721 aCritical ; practice 2ddccBK c161270d161270 001040708MAENGaSACPGbSACPGd2013-03-26eBiblios Book Pointg275.00l0o809 BELCpPG007752r2022-08-24 00:00:00w2021-04-26yBK